000 00417pab a2200169 454500
008 180718b2009 xxu||||| |||| 00| 0 eng d
100 _aGhosh, Anjan
245 _aGorkhaland redux
260 _c2009
300 _ap.10-13.
362 _a6 Jun
650 _aWest Bengal - Politics and government
650 _aPolitics and government
773 _aEconomic and Political Weekly
908 _aN
909 _a82592
999 _c82592
_d82592